Mother Angelica : the remarkable story of a nun, ... Read More
Available copies
- 1 of 1 copy available at LARL/NWRL Consortium. (Show)
- 1 of 1 copy available at Northwest Regional Library.
Current holds
0 current holds with 1 total copy.
Show Only Available Copies
| Location | Call Number / Copy Notes | Barcode | Shelving Location | Status | Due Date |
|---|---|---|---|---|---|
| Red Lake Falls Public Library | 921 ANG (Text) | 35500005252943 | Main | Available | - |
Record details
- ISBN: 0385510926
- Physical Description: 384 p. : ill. ; 24 cm.
- Edition: 1st ed.
- Publisher: New York : Doubleday, 2004.
Content descriptions
| Bibliography, etc. Note: | Includes bibliographical references. |
Search for related items by subject
| Subject: | M. Angelica (Mary Angelica), Mother, 1923- Poor Clares > United States > Biography. Eternal Word Television Network. |
| LDR | 01196cam a22002898a 4500 | ||
|---|---|---|---|
| 001 | 61881 | ||
| 003 | LARL_NWRL_CONSORTIUM | ||
| 005 | 20050912084818.0 | ||
| 008 | 041104s2004 nyu b 000 0 eng | ||
| 010 | . | ‡a2004062117 | |
| 020 | . | ‡a0385510926 | |
| 035 | . | ‡a(OCoLC)56955846 | |
| 082 | 0 | 0. | ‡a271/.97302 ‡aB ‡222 |
| 100 | 1 | . | ‡aArroyo, Raymond. ‡0(LARL_NWRL_CONSORTIUM)193205 |
| 245 | 1 | 0. | ‡aMother Angelica : ‡bthe remarkable story of a nun, her nerve, and a network of miracles / ‡cRaymond Arroyo. |
| 250 | . | ‡a1st ed. | |
| 260 | . | ‡aNew York : ‡bDoubleday, ‡c2004. | |
| 300 | . | ‡a384 p. : ‡bill. ; ‡c24 cm. | |
| 504 | . | ‡aIncludes bibliographical references. | |
| 600 | 0 | 0. | ‡aM. Angelica ‡q(Mary Angelica), ‡cMother, ‡d1923- ‡0(LARL_NWRL_CONSORTIUM)153836 |
| 610 | 2 | 0. | ‡aPoor Clares ‡zUnited States ‡vBiography. |
| 610 | 2 | 0. | ‡aEternal Word Television Network. ‡0(LARL_NWRL_CONSORTIUM)153895 |
| 901 | . | ‡a61881 ‡bOCLC ‡c61881 ‡tbiblio | |

Add to basket
Permalink
Enable Highlighting